000 00523nam a2200169 a 4500
001 000029416
005 20251120073733.0
008 110415s1988 dr 000 0 spa d
040 _aDO-SdBNP
_bspa
_cBNPHU
110 2 _aPontificia Universidad Católica Madre y Maestra
_9843
245 1 0 _aReglamento.
260 _aSanto Domingo :
_bPontificia Universidad Católica Madre y Maestra, Departamento de Publicaciones.
300 _a15 p. :
_b21 cm.
490 1 _aDocumentos
830 0 _aDocumentos
_91047
049 _aBNPD
999 _c28908
_d28908